00494nam a2200181 a 4500001001300000003000900013005001700022008004100039020001000080082001500090100002400105245005200129260004400181300000900225500003500234650001900269700002400288nice12345678IN_TiNIC20260116014753.0080915s2004 dela grp 000 0 urd  ac25000a297.8bQAS aQasmi, Ataur-Rahman aImam Shah Waliullah Awr Un Ke Afkaar-O-nazriyat aDelhi bShah Waliullah Institute c2004 a477p aincludes index and biblioraphy aShah Waliullah1 aQasmi, Ataur-Rahman